| 000 | 00630cam a2200217 4500 | ||
|---|---|---|---|
| 001 | sa 68019359 | ||
| 003 | DLC | ||
| 005 | 20260227112717.0 | ||
| 008 | 760327s1967 ii a b 000 0beng | ||
| 010 | _asa 68019359 | ||
| 025 | _aPL480:I-Sik-E-3 | ||
| 040 |
_aDLC _cDLC _dDLC |
||
| 050 | 0 | 0 |
_aBQ994.I52 _bD62 |
| 082 | 0 | 0 |
_a294.3/61 _aB |
| 100 | 0 | _aDodrup Chen. | |
| 245 | 0 | 4 | _aThe biography of Maha Pandita Vimalamitra. |
| 260 |
_a[Gangtok, _c1967] |
||
| 300 |
_axii, 43 p. _bcol. illus. _c18 cm. |
||
| 504 | _a"The bibliography of works by Maha Pandita Vimalamitra": p. 28-36. | ||
| 600 | 0 | 0 |
_aVimalamitra, _dactive 8th century. |
| 999 |
_c88869 _d88869 |
||